Knowledge management framework for Faculty of Computer Science and Information Technology, University of Malaya /
Saved in:
| Main Author: | |
|---|---|
| Format: | Thesis Book |
| Language: | English |
| Published: |
2004.
|
| Subjects: | |
| Online Access: | http://studentsrepo.um.edu.my/10722/ |
| Tags: |
Add Tag
No Tags, Be the first to tag this record!
|
| LEADER | 01224cam a2200265 a 4500 | ||
|---|---|---|---|
| 001 | u709730 | ||
| 003 | SIRSI | ||
| 008 | 050727s2004 my t 000 0 eng m | ||
| 040 | |a UMM | ||
| 043 | |a a-my--- | ||
| 090 | |a QA76 |b UM 2004 Vij | ||
| 100 | 0 | 0 | |a Vijayan Venggadasallam |
| 245 | 1 | 0 | |a Knowledge management framework for Faculty of Computer Science and Information Technology, University of Malaya / |c Vijayan Venggadasallam. |
| 246 | 1 | 8 | |a Knowledge management framework for FCSIT. |
| 260 | |c 2004. | ||
| 300 | |a x, 164 leaves : |b ill. ; |c 30 cm. | ||
| 502 | |a Dissertation (M.Comp.Sc.) -- Fakulti Sains Komputer danTeknologi Maklumat, Universiti Malaya, 2004. | ||
| 504 | |a Bibliography: leaves 140-144. | ||
| 610 | 2 | 0 | |a Universiti Malaya. |b Fakulti Sains Komputer dan Teknologi Maklumat. |
| 650 | 0 | |a Knowledge management |z Malaysia. | |
| 710 | 2 | 0 | |a Universiti Malaya. |b Fakulti Sains Komputer dan Teknologi Maklumat. |
| 856 | 4 | 1 | |u http://studentsrepo.um.edu.my/10722/ |
| 596 | |a 1 25 | ||
| 999 | |a QA76 UM 2004 VIJ |w LC |c 1 |i A511846569 |d 25/7/2011 |e 25/7/2011 |f 25/11/2005 |g 1 |l STACKS |m P01UTAMA |n 27 |r Y |s Y |t TESIS |u 22/11/2005 |1 STEM | ||
| 999 | |a QA76 UM 2004 VIJ |w LC |c 1 |i A511904906 |f 26/11/2019 |g 1 |l STACKS |m P25UMARCHI |r N |s Y |t CD |u 25/11/2019 |1 STEM | ||
